ATP Tennis Players by Picture (Top 75 - 2025) - Statistics

General Stats
  • This quiz has been taken 231 times
  • The average score is 44 of 75
Answer Stats
Picture Answer % Correct
Novak Djokovic
99%
Carlos Alcaraz
98%
Jannik Sinner
98%
Alexander Zverev
96%
Taylor Fritz
92%
Ben Shelton
90%
Daniil Medvedev
89%
Alexander Bublik
88%
Alex de Minaur
88%
Casper Ruud
88%
Lorenzo Musetti
88%
Felix Auger-Aliassime
87%
Andrey Rublev
84%
Holger Rune
84%
Jack Draper
82%
Frances Tiafoe
81%
Gael Monfils
79%
Stefanos Tsitsipas
78%
Flavio Cobolli
75%
Arthur Fils
73%
Francisco Cerundolo
73%
Joao Fonseca
73%
Karen Khachanov
73%
Tommy Paul
72%
Learner Tien
71%
Matteo Berrettini
71%
Alejandro Davidovich Fokina
69%
Jakub Mensik
69%
Jiri Lehecka
69%
Reilly Opelka
69%
Grigor Dimitrov
68%
Denis Shapovalov
66%
Adrian Mannarino
64%
Cameron Norrie
64%
Corentin Moutet
64%
Giovanni Mpetshi Perricard
64%
Valentin Vacherot
63%
Arthur Rinderknech
62%
Ugo Humbert
61%
Brandon Nakashima
60%
Hubert Hurkacz
60%
Lorenzo Sonego
58%
Marin Cilic
57%
Gabriel Diallo
55%
Tallon Griekspoor
55%
Tomas Machac
54%
Luciano Darderi
52%
Sebastian Korda
52%
Zizou Bergs
50%
Alex Michelsen
49%
Jaume Munar
48%
Sebastian Baez
48%
Terence Atmane
46%
Alexei Popyrin
45%
Jenson Brooksby
38%
Tomas Martin Etcheverry
37%
Alexandre Muller
36%
Marton Fucsovics
33%
Matteo Arnaldi
33%
Miomir Kecmanovic
33%
Fabian Marozsan
32%
Daniel Altmaier
31%
Nuno Borges
31%
Arthur Cazaux
30%
Damir Dzumhur
28%
Ethan Quinn
24%
Jacob Fearnley
23%
Aleksandar Kovacevic
21%
Camilo Ugo Carabelli
21%
Francisco Comesana
21%
Jesper de Jong
19%
Marcos Giron
19%
Kamil Majchrzak
18%
Mariano Navone
18%
Valentin Royer
18%
No matching quizzes found
Score Distribution
Percent of People with Each Score
Percentile by Number Answered
Your Score History
You have not taken this quiz